О работе кандидата в члены ЦИК СССР Зерновой А. А.

Доступно только в Электронных читальных залах Найти на картеНа карте
RUSMARC
00004080nmc2a22002773x 450
0011d33698b-9255-4a29-ac2f-c6d67f8560f6
00520230718123303.0
100##$a20230613l19291930k y0rusy50 ca
1010#$arus
102##$aRU
105##$aa z |||||
1222#$ad19290918
$ad19300820
2001#$aО работе кандидата в члены ЦИК СССР Зерновой А. А.
$j18.09.1929 - 20.08.1930
215##$a30 листов
$cтабл.
$d38,6 х 25,2
251##$cДело
300##$aЗаголовок дела на папке: О работе кандидата в члены ЦИК СССР тов. Зерновой А. А.
300##$aВ деле обратная нумерация
300##$aЧасть текста машинописная и рукописная, часть - напечатана типографским способом
461#0$1001796d4672-8a00-4986-b488-6e42273792cc
$12001
$aЦЕНТРАЛЬНЫЙ ИСПОЛНИТЕЛЬНЫЙ КОМИТЕТ СССР (ЦИК СССР).
$1251
$cФонд
$1852
$gР
$j3316
462#0$10016e6e8ba4-e15f-4ad4-8937-f1e88c150bfe
$12001
$aДела Секретариата Президиума ЦИК Союза ССР. 1929 г.
$vД. 164
$1251
$cОпись
$1852
$j22
5171#$aО работе кандидата в члены ЦИК СССР тов. Зерновой А. А.
600#1$aЗернова
$bА. А.
60101$3RU\NLR\AUTH\880357276
$aСССР
$bЦИК
801#0$aRU
$bGA_RF
801#1$aRU
$bГлавНИВЦ
$c20230613
$2rusmarc
801#2$aRU
$bПБ им. Б.Н. Ельцина
$c20230718
$gRCR
$2rusmarc
852##$aГА РФ
$j164
937##$d186598358
$hГАРФ
035##$aRuPRLIB51072423
856##$uhttp://readingroom.main.prlib.ru/item.aspx?id_node=n186598358&mode=full
Формат отображения